000 00568nam a2200193Ia 4500
008 160319s9999 xx 000 0 und d
020 _a978-971-555-630-9
050 _aFIL LC 71.2
050 _b.E38 2015
245 _aEducation paradigms for the 21st century /
245 _cedited by OrdoƱez, Gina M.
260 _aManila :
260 _bDe La Salle University Publishing House.
300 _a174 pages :
300 _billustrations ;
300 _c15 cm.
650 _aEducational planning -- 21st century.
650 _xEducation -- Economic aspects.
999 _c291625
_d291625